000
00279nam a2200121 a 4500
001
4140
005
20140414132146.0
008
090218s19uu xx 00 eng d
050
_a
KIT E
_b
Mi68 1982
100
_a
Allard, Harry
245
_a
Miss Nelson is back.
999
_c
115430
_d
115430